Rehabilitation and utilization of forest fallows and degraded area

Bibliographic Details
Main Author: SUMITRO
Format: Book
Published: Bangkok : Food and Agriculture Organization of the United Nations , 1985
Subjects:

MARC

LEADER 00000cam a2200000 7i4500
001 0000001639
005 20010904.0
090 0 0 |a FAO333.75153   |b SUM 1985 
100 1 0 |a SUMITRO   |h Achmad 
245 1 0 |a Rehabilitation and utilization of forest fallows and degraded area   |c by Achmad Sumitro 
260 0 0 |a Bangkok :   |b Food and Agriculture Organization of the United Nations ,   |c 1985 
300 |a vii, 88 p. ;   |c 30 cm. 
500 0 0 |a Bibliography : p. 80-82 
650 0 0 |a Forest ecology   |z Asia 
650 0 0 |a Forest ecology   |z Pacific region 
650 0 0 |a Reforestation   |z Asia 
650 0 0 |a Reforestation   |z Pacific region 
998 |a JPSM 
999 |a 0000002954   |b Monograph   |c Open Shelf   |e Default branch